Písmo Sväté Starého Zákona VIII. Knihy Machabejských

Bibliographic Details
Corporate Author: Spolok sv. Vojtecha (Trnava, Slovensko) (Printer)
Format: Book
Language:Slovak
PhysicalDescription:77, [2] s. 27 cm
Published: V Trnave Nákladom spolku Sv. Vojtecha 1926
Subjects:

MARC

LEADER 00000nam a2200000 a 4500
001 vtls012023617
003 SK-MaSNL
005 20260301020047.0
008 211105s1926 xo 0 0n0 slo
015 |a SNBA 
035 |a urn:nbn:sk:snk-am00fhg5 
035 |a urn:nbn:sk:snk-am3ivjd 
035 |a 68420484-24D9-4C45-9FEA-187589A0DA88 
040 |a SNKHF  |b slo  |c SNK  |e AACR2 
041 0 |a slo 
044 |a xo  |c SK 
072 7 |a 2-23/-27  |x Biblia. Biblistika  |2 konspekt 
080 |a 27-236.5  |2 2011 
130 0 |a Písmo  |9 294872 
245 1 0 |a Písmo Sväté Starého Zákona  |n VIII.  |p Knihy Machabejských 
260 |a V Trnave  |b Nákladom spolku Sv. Vojtecha  |c 1926  |e [Trnava]  |f [Spolok sv. Vojtecha] 
300 |a 77, [2] s.  |c 27 cm 
500 |a Titulná strana so signetom vydavateľa. Dvojstĺpcová tlač 
501 |a Prív. 7. k: PÍSMO Sväté Starého Zákona. I. V Trnave : Vydal Spolok sv. Adalberta, 1915.  |5 SNK SB 101/1-8/prív.7 
504 |a Živé záhlavie. Predslov. Doslov. Poznámky pod textom 
550 |a Tlačiareň podľa predchádzajúcej časti 
563 |a Väzba pôvodná kožená; zlatá oriezka 
630 0 7 |a Biblia  |2 SNKPH  |9 17043 
630 0 7 |a Biblia  |p Starý zákon  |2 SNKPH  |9 185646 
710 2 |a Spolok sv. Vojtecha (Trnava, Slovensko)  |4 pbl  |9 34261 
710 2 |a Spolok sv. Vojtecha (Trnava, Slovensko)  |4 prt  |9 34261 
752 |a Slovensko  |d Trnava 
852 |a snk  |p SB 101/1-8/prív.7 
958 |a DG 
958 |a ONDV 
999 |c 562154  |d 564084 
952 |a SNK  |b SNK  |y PREZ  |7 0  |p 17A1396992  |o snkSB 101/1-8/prív.7  |i snk303/29  |0 0  |1 0  |4 0  |d 2021-04-16  |f 1  |l 0  |r 2025-01-31 00:00:00  |w 2026-02-23